00735nam a22002057a 450000500170000000800410001704000070005804100120006508200220007710000330009924500340013226000480016630000330021465000590024765000380030670000370034494200120038199900190039395201170041220220524114117.0220524b ||||| |||| 00| 0 eng d cAL aEnglish 223a923.254bDESD aValji Govindji Desai 938712 aDiary of Mahadev Desai Vol I aAhmedabadbNavajivan Publishing Housec1953 aviii,336 p.bHBc21.5x14 cm. aDesai, Mahadev H. (Mahadev Haribhai), 1892-1942938704 aGandhi, Mahatma, 1869-1948938705 aDESAI (Valji Govindji) Ed938706 2ddccGF c223080d223080 00102ddc40708HISaALbALd2013-03-24eGF02354l0o923.254 DESDpGF02354r2022-05-24 00:00:00w2022-05-24yGF